| 000 | 01357nam a22001937a 4500 | ||
|---|---|---|---|
| 008 | 251017b |||||||| |||| 00| 0 eng d | ||
| 020 | _a9781529146516 | ||
| 040 | _ctbs | ||
| 050 |
_aHB615 _b.B377 2023 |
||
| 100 |
_aBartlett, Steven _d1992- _926180 _eauthor |
||
| 245 |
_aThe diary of a CEO _b: the 33 laws of business and life _c/ Steven Bartlett. |
||
| 260 |
_aLondon : _bEdbury Edge, _c2023. |
||
| 300 |
_a358 pages : _billustrations (black and white) ; _c24 cm. |
||
| 520 | _aAt the very heart of all the success and failure I've been exposed to - both my own entrepreneurial journey and through the thousands of interviews I've conducted on my chart-topping podcast - are a set of principles that ensure excellence. These fundamental laws underpinned my meteoric rise, and they will fuel yours too, whether you want to build something great or become someone great. The laws are rooted in psychology and behavioral science, in my own experiences, and those of the world's most successful entrepreneurs, entertainers, artists, writers, and athletes, who I've interviewed on my podcast. These laws will stand the test of time and will help anyone master their life and unleash their potential, no matter the field. | ||
| 650 | 0 |
_aEntrepreneurship _9570 |
|
| 650 | 0 |
_aSuccess in business _91506 |
|
| 655 | 0 |
_aSelf-help publications _923836 |
|
| 942 | _2lcc | ||
| 999 |
_c5054 _d5054 |
||